000 00967nam a22002897a 4500
001 9806
003 FISKH
005 20260226133349.0
008 260226b cb ||||| |||| 00| 0 eng d
020 _a9780439720168
040 _aFISKH
_beng
_cFISKH
_dFISKH
050 _aPZ7
082 _a599
100 _aRichards, Kitty
_eAuthor
245 _aBack off, bully boys! /
_cBy Kitty Richards ; illustrated by Bob Ostrom
260 _aNew York :
_bScholastic Inc. ,
_c2004
300 _a20 unnumbered pages :
_bcolor illustrations ;
_c21 cm
505 _aJ
520 _aWhen the babies bet Angelica that she cannot be nice for an entire day, they run into trouble when Angelica is too nice to handle some playground bullies.
521 8 _a450
_bLexile estimate
521 8 _aJ
_bRaz-Plus
650 _aFiction
_vFriendship
650 _aFriendship problems
_vParties
700 _aOstrom, Bob
_eIllustrator
942 _2ddc
_cBK
_n0
999 _c9806
_d9806